| 000 | 00956nam a2200313 i 4500 | ||
|---|---|---|---|
| 001 | 3182196 | ||
| 003 | OSt | ||
| 005 | 20140310182117.0 | ||
| 008 | 770126s1976 nyu 000 0 eng | ||
| 010 | _a 76150676 | ||
| 020 |
_a0345257022175 _c$1.75 |
||
| 040 |
_aDLC _cDLC _dDLC |
||
| 050 | 0 | 0 |
_aE 873 _b.C37 1976 |
| 082 | 0 | 0 |
_aHS 973.926 _b.T85 1976 |
| 100 | 1 |
_aCarter, Jimmy, _d1924- _913804 |
|
| 245 | 1 | 0 |
_a"I'll never lie to you" : _bJimmy Carter in his own words / _c[compiled by] Robert L. Turner. |
| 250 | _a1st ed. | ||
| 260 |
_aNew York : _bBallantine Books, _cc1976. |
||
| 300 |
_ax, 178 p. ; _c18 cm. |
||
| 541 | _j1 | ||
| 562 | _e1 | ||
| 600 | 1 | 0 |
_aCarter, Jimmy, _d1924- _xQuotations. _913805 |
| 650 |
_aCarter, Jimmy, 1924 _xQuotations. _913806 |
||
| 650 |
_aLife. _97111 |
||
| 650 |
_aBeliefs. _913807 |
||
| 700 | 1 |
_aTurner, Robert L., _d1943- _913808 |
|
| 906 |
_a7 _bcbc _corignew _d2 _encip _f19 _gy-gencatlg |
||
| 942 |
_2lcc _cHS |
||
| 999 |
_c9483 _d9483 |
||